000 01086nam a22003257a 4500
003 CHAP
005 20220329133722.0
008 971013s1993 r 00010 d
010 _a9920
011 _a10892
035 _a10130
040 _cCHAP
090 _aTesis
100 0 0 _aCruz Prianti, Lucrecia.
_929543
245 _aEvaluación de los sistemas de producción agrícola en ambiente parcial o totalmente controlado en la región centro del estado de Nuevo León
260 _aMarín, N.L. :
_bEl autor,
_c1993
300 _a118 h.
_b; planos
502 _aTesis (Ing. Agrícola) -- UANL. Facultad de Agronomía
590 _aALEPH
_b10
_c20130110
_lUCH01
_h1226
590 _aBATCH-UPD
_b10
_c20130110
_lUCH01
_h0056
590 _aBATCH-UPD
_b10
_c20130110
_lUCH01
_h1419
590 _aCONVERSION
_b10
_c20130109
_lUCH01
_h1306
650 1 4 _aCultivos en invernadero.
_930376
650 1 4 _aInvernaderos.
_960172
650 1 4 _aSistemas de cultivo.
_9106746
650 1 4 _aViveros.
_9120096
901 _aBK
942 _cTESIS
949 _bBC
_cTES
_d-21511
_eTS1
_h26645
_i10130
_si
999 _c9920
_d9920